000 00548nam a2200205#a 4500
001 01456
003 HDC
007 ta
008 230623s2023 xx 000 0 eng d
020 _a13944630 (pbk.)
040 _aHDC
050 _acd fmm HD 9016
_b.F44 2006 C4
110 _aFederation of Malaysian Manufacturers
245 0 _aFood & beverage :
_bFMM-MATRADEA industry directory 2005/2006
_cFederation of Malaysia Manufacturers
250 _a3rd ed.
942 _2lcc
942 _cBK
942 _kcd fmm HD 9016
942 _m.F44 2006 C4
999 _c23022
_d23022